000 00385nam a2200157 a 4500
005 20140310183233.0
008 040712s19uu xx 00 eng d
050 _aRD 82
_b.N277 1991
100 _aNTTC
245 _aCare of the surgical patient :
_bMSN02 /
_cNTTC.
260 _c1991.
300 _a58 p. :
_c22 cm.
942 _cBK
_2lcc
_kLOC
999 _c20520
_d20520